01249nam a2200241Ia 4500001001100000003001000011008004100021040002500062041001300087100003500100245003200135250001100167260007600178300001200254500018800266501011400454520018800568650003400756942000700790957000600797999004200803952016200845L240-46432IT-CnALBA170116s9999||||xx |||||||||||||| ||und|| aIT-CnALBAcIT-CnALBA aITALIANO aTALIERCIO GIUSEPPE, MONSIGNORE 0aCREDO NELLO SPIRITO SANTO.  a1a ed. a UDINEbSEGNO, EDIZIONI c1997 [1° Ed.:1997 - Ed.Ling.Originale: 1997] a131 p.  aGIUBILEO 2000. DONO DELLO SPIRITO. I COLLABORATORI. SPIRITO SANTO E NOI. PROTAGONISTA DELLA MISSIONE. FIGLI DI DIO NELLO SPIRITO SANTO. CONSOLATORE. SORGENTE DI SPERANZA. COME MARIA.  aSocietà San Paolo EM - Piazza San Paolo, 14 - 12051 ALBA (CN) (non commercial uses only) ® Copyright 2017 aGIUBILEO 2000. DONO DELLO SPIRITO. I COLLABORATORI. SPIRITO SANTO E NOI. PROTAGONISTA DELLA MISSIONE. FIGLI DI DIO NELLO SPIRITO SANTO. CONSOLATORE. SORGENTE DI SPERANZA. COME MARIA.  aTEOLOGIA SPIRITUALE CRISTIANA cBK 71 a52693bNOg Copie: 1 c305371d305371 0010406L_2404643271aALBAbALBAd2017-01-16l0oL240-46432r2017-01-16 00:00:00w2017-01-16yBKz(data import: 16 gennaio 2017) - By Epidotti, Vaglietti.